[Event "Nichelino op-B 14th"]
[Site "Nichelino"]
[Date "2013.10.06"]
[Round "4"]
[White "Macario, Marco"]
[Black "Fornasir, Carlo Gustavo"]
[Result "0-1"]
[WhiteElo "1839"]
[BlackElo "1870"]
[PlyCount "84"]
[EventDate "2013.10.04"]
[EventType "swiss"]
[EventRounds "5"]
[EventCountry "ITA"]
[SourceTitle "EXT 2024"]
[Source "ChessBase"]
[SourceDate "2023.10.10"]
[SourceVersion "1"]
[SourceVersionDate "2023.10.10"]
[SourceQuality "1"]

1. e4 c5 2. Nc3 Nc6 3. Bb5 Qc7 4. Nge2 Nf6 5. d3 a6 6. Bxc6 Qxc6 7. Ng3 d6 8. Bg5 e6 9. Bxf6 gxf6 10. Qf3 f5 11. Nh5 Be7 12. Qg3 Kd8 13. Qg7 Qe8 14. Nf6 Qf8 15. Qxf8+ Rxf8 16. Nh5 fxe4 17. Nxe4 f5 18. Nc3 Rg8 19. 0-0 b5 20. Rfe1 Bb7 21. g3 e5 22. f4 Bf3 23. fxe5 Bxh5 24. exd6 Bxd6 25. Nd5 Bf7 26. c4 Bxd5 27. cxd5 f4 28. Re6 Kd7 29. Rh6 Rae8 30. Rxh7+ Re7 31. Rh6 fxg3 32. hxg3 Rxg3+ 33. Kf2 Rxd3 34. Rg1 Rd2+ 35. Kf3 Rxd5 36. Rg8 a5 37. Ra8 Bc7 38. Ra7 Rd6 39. Rh5 Kc6 40. Ra8 Rf6+ 41. Kg4 Rg7+ 42. Kh3 Rf1 0-1

[Event "Nichelino op-B 14th"]
[Site "Nichelino"]
[Date "2013.10.05"]
[Round "2"]
[White "Moschetto, Giuliano"]
[Black "Fornasir, Carlo Gustavo"]
[Result "0-1"]
[WhiteElo "1734"]
[BlackElo "1870"]
[PlyCount "108"]
[EventDate "2013.10.04"]
[EventType "swiss"]
[EventRounds "5"]
[EventCountry "ITA"]
[SourceTitle "EXT 2024"]
[Source "ChessBase"]
[SourceDate "2023.10.10"]
[SourceVersion "1"]
[SourceVersionDate "2023.10.10"]
[SourceQuality "1"]

1. d4 Nf6 2. Bf4 e6 3. e3 d5 4. Bd3 Bd6 5. Bxd6 Qxd6 6. c3 Nbd7 7. f4 c5 8. Nd2 b6 9. Ngf3 Bb7 10. Ne5 Ne4 11. Bb5 Nef6 12. Ndf3 0-0 13. Nxd7 Nxd7 14. 0-0 Nf6 15. Nd2 a5 16. g4 Ba6 17. Bxa6 Rxa6 18. Qe2 c4 19. g5 Nd7 20. e4 f6 21. e5 fxe5 22. fxe5 Qe7 23. Rxf8+ Nxf8 24. Qg4 Ra8 25. Rf1 Ng6 26. h4 Rf8 27. Rxf8+ Nxf8 28. h5 Qf7 29. Nf1 g6 30. h6 Qf5 31. Qxf5 gxf5 32. Nd2 Kf7 33. b3 b5 34. bxc4 bxc4 35. Kf2 Kg6 36. Nf3 Nd7 37. Ke2 Nb6 38. Kd2 a4 39. a3 Nd7 40. Ke3 Nb8 41. Kf4 Nc6 42. Nh4+ Kh5 43. g6 Kxh6 44. gxh7 Kxh7 45. Nf3 Kg6 46. Nh4+ Kf7 47. Nf3 Na5 48. Ng5+ Ke7 49. Ke3 Nb3 50. Nh3 Nc1 51. Nf4 Nb3 52. Ke2 Na5 53. Ng2 Nc6 54. Ne1 Na7 0-1

[Event "Milan Crespi op-B 33rd"]
[Site "Milan"]
[Date "2012.12.05"]
[Round "1"]
[White "Pepe, Mario"]
[Black "Fornasir, Carlo Gustavo"]
[Result "1-0"]
[WhiteElo "1993"]
[BlackElo "1875"]
[PlyCount "37"]
[EventDate "2012.12.05"]
[EventType "swiss"]
[EventRounds "7"]
[EventCountry "ITA"]
[SourceTitle "EXT 2015"]
[Source "ChessBase"]
[SourceDate "2014.11.20"]
[SourceVersion "1"]
[SourceVersionDate "2014.11.20"]
[SourceQuality "1"]

1. e4 c5 2. Nf3 Nc6 3. Bb5 a6 4. Bxc6 dxc6 5. 0-0 g6 6. Qe2 Bg7 7. Rd1 e5 8. d3 Qd6 9. b3 Ne7 10. Nbd2 b5 11. Ba3 0-0 12. Qe3 b4 13. Nc4 Qc7 14. Bb2 f6 15. Qxc5 Rb8 16. a3 Rd8 17. axb4 Rb5 18. Qe3 Rxb4 19. Bc3 1-0

[Event "Milan Crespi op-B 32nd"]
[Site "Milan"]
[Date "2011.12.11"]
[Round "7"]
[White "Fornasir, Carlo Gustavo"]
[Black "Lanni, Vincenzo"]
[Result "1-0"]
[WhiteElo "1868"]
[BlackElo "1766"]
[PlyCount "61"]
[EventDate "2011.12.07"]
[EventType "swiss"]
[EventRounds "7"]
[EventCountry "ITA"]
[SourceTitle "EXT 2022"]
[Source "ChessBase"]
[SourceDate "2021.10.06"]
[SourceVersion "1"]
[SourceVersionDate "2021.10.06"]
[SourceQuality "1"]

1. e4 g6 2. Bc4 Bg7 3. d4 d6 4. Nf3 Nf6 5. Nc3 c6 6. h3 0-0 7. 0-0 Qc7 8. Bf4 Nh5 9. Bh2 e5 10. Ne2 Qe7 11. g4 Nf4 12. Nxf4 exf4 13. Bxf4 Qxe4 14. Bxd6 Bxg4 15. hxg4 Qxg4+ 16. Kh2 Re8 17. Bxf7+ Kxf7 18. Ne5+ Bxe5+ 19. Bxe5 Qxd1 20. Raxd1 Nd7 21. f4 Nf6 22. Kg3 Nd5 23. Rh1 h5 24. f5 gxf5 25. Rxh5 Rg8+ 26. Kf2 Ne7 27. Rdh1 Rg6 28. Rh7+ Ke6 29. Re1 Kd7 30. Bf6 Rxf6 31. Rexe7+ 1-0

[Event "Ceriano Laghetto op-B 20th"]
[Site "Ceriano Laghetto"]
[Date "2011.04.01"]
[Round "1"]
[White "Bertamini, Alberto"]
[Black "Fornasir, Carlo Gustavo"]
[Result "0-1"]
[WhiteElo "1692"]
[BlackElo "1879"]
[PlyCount "66"]
[EventDate "2011.04.01"]
[EventType "swiss"]
[EventRounds "5"]
[EventCountry "ITA"]
[SourceTitle "EXT 2023"]
[Source "ChessBase"]
[SourceDate "2022.10.05"]
[SourceVersion "1"]
[SourceVersionDate "2022.10.05"]
[SourceQuality "1"]

1. d4 Nf6 2. c4 e5 3. d5 Bc5 4. Nc3 d6 5. h3 Bf5 6. Bg5 Nbd7 7. g4 Bg6 8. Bg2 0-0 9. Nf3 c6 10. Nd2 Qb6 11. e3 Qxb2 12. Na4 Qa3 13. Nxc5 Qxc5 14. e4 cxd5 15. cxd5 Qd4 16. Be3 Qd3 17. Qe2 Qxe2+ 18. Kxe2 Rfc8 19. Rac1 b6 20. f3 Kf8 21. h4 h6 22. h5 Bh7 23. g5 hxg5 24. Bxg5 Rxc1 25. Rxc1 Nxh5 26. Rh1 Ng3+ 27. Kd3 Nxh1 28. Bxh1 Nf6 29. Bxf6 gxf6 30. Bg2 f5 31. Bh3 fxe4+ 32. fxe4 Ke7 33. Kc3 Rb8 0-1

[Event "Milan Crespi op-B 31th"]
[Site "Milan"]
[Date "2010.12.08"]
[Round "6"]
[White "Pierandrei, Cristiano"]
[Black "Fornasir, Carlo Gustavo"]
[Result "1-0"]
[WhiteElo "1941"]
[BlackElo "1876"]
[PlyCount "81"]
[EventDate "2010.12.04"]
[EventType "swiss"]
[EventRounds "7"]
[EventCountry "ITA"]
[SourceTitle "EXT 2024"]
[Source "ChessBase"]
[SourceDate "2023.10.10"]
[SourceVersion "1"]
[SourceVersionDate "2023.10.10"]
[SourceQuality "1"]

1. Nf3 d5 2. d4 Nf6 3. c4 e6 4. g3 c6 5. Bg2 Bb4+ 6. Bd2 Qa5 7. Nc3 Nbd7 8. a3 Bxc3 9. Bxc3 Qc7 10. 0-0 Ne4 11. Rc1 Nxc3 12. Rxc3 0-0 13. Qc2 Nb6 14. Ng5 f5 15. cxd5 exd5 16. b3 Qe7 17. Qc1 Nd7 18. Re1 Nf6 19. Nf3 Ne4 20. Rc2 Qf6 21. e3 Be6 22. Ne5 Rad8 23. b4 a6 24. a4 Nd6 25. Bf1 Rc8 26. Qb2 g5 27. f4 Kh8 28. Rec1 Rg8 29. b5 cxb5 30. Rxc8 Rxc8 31. Rxc8+ Bxc8 32. axb5 axb5 33. Bxb5 gxf4 34. gxf4 Qd8 35. Qb4 Be6 36. Bd7 Qc7 37. Bxe6 Qc1+ 38. Kg2 Qd1 39. Qb2 Ne4 40. Bxd5 Nd2 41. Qb5 1-0

[Event "Milan Crespi op-B 31th"]
[Site "Milan"]
[Date "2010.12.06"]
[Round "4"]
[White "Kimbin, Richard Conrod"]
[Black "Fornasir, Carlo Gustavo"]
[Result "0-1"]
[WhiteElo "1928"]
[BlackElo "1876"]
[PlyCount "60"]
[EventDate "2010.12.04"]
[EventType "swiss"]
[EventRounds "7"]
[EventCountry "ITA"]
[SourceTitle "EXT 2024"]
[Source "ChessBase"]
[SourceDate "2023.10.10"]
[SourceVersion "1"]
[SourceVersionDate "2023.10.10"]
[SourceQuality "1"]

1. Nf3 d5 2. g3 Nf6 3. Bg2 e6 4. d3 Be7 5. 0-0 0-0 6. Nbd2 c5 7. Re1 Nc6 8. a4 Qc7 9. e4 dxe4 10. dxe4 Rd8 11. e5 Nd5 12. c3 b6 13. Qc2 Ba6 14. Qe4 Na5 15. Bf1 Bxf1 16. Rxf1 a6 17. c4 Nb4 18. Ra3 Qc6 19. Qg4 Nc2 20. Ra2 Nd4 21. Ne1 g6 22. Ra3 h5 23. Qd1 Ndb3 24. Qc2 Nxc1 25. Qxc1 Rxd2 26. Qxd2 Nxc4 27. Qc3 Nxa3 28. Qxa3 Rd8 29. b3 Qe4 30. Qb2 Rd5 0-1

[Event "Milan Crespi op-B 30th"]
[Site "Milan"]
[Date "2009.12.06"]
[Round "3"]
[White "Oteri, Aldo"]
[Black "Fornasir, Carlo Gustavo"]
[Result "1-0"]
[WhiteElo "1826"]
[BlackElo "1896"]
[PlyCount "99"]
[EventDate "2009.12.04"]
[EventType "swiss"]
[EventRounds "7"]
[EventCountry "ITA"]
[SourceTitle "EXT 2012"]
[Source "ChessBase"]
[SourceDate "2011.11.24"]
[SourceVersion "1"]
[SourceVersionDate "2011.11.24"]
[SourceQuality "1"]

1. e4 e5 2. Nf3 Nc6 3. Bb5 f5 4. d4 fxe4 5. Nxe5 Nxe5 6. dxe5 c6 7. Bc4 Qa5+ 8. Nc3 Qxe5 9. 0-0 d5 10. Re1 Nf6 11. Bf1 Bd6 12. g3 0-0 13. Bf4 Qe7 14. Bxd6 Qxd6 15. Nxe4 Nxe4 16. Rxe4 Qf6 17. Rf4 Qxb2 18. Rxf8+ Kxf8 19. Bd3 Qf6 20. Rb1 b6 21. Rb4 d4 22. Bxh7 c5 23. Be4 Rb8 24. Rb3 Ke7 25. Qh5 Be6 26. Rf3 Qh6 27. Qe5 Rd8 28. Rf5 Rd6 29. Rg5 Kf7 30. Rg6 Qc1+ 31. Kg2 Bh3+ 32. Kxh3 Rxg6 33. Qc7+ Kg8 34. Qd8+ Kh7 35. Qh4+ Qh6 36. Bxg6+ Kxg6 37. Qxh6+ Kxh6 38. Kg4 Kg6 39. Kf4 Kf6 40. Ke4 Ke6 41. h4 Kf6 42. f4 g6 43. g4 Ke6 44. f5+ gxf5+ 45. gxf5+ Kf6 46. h5 Kg5 47. Ke5 Kxh5 48. f6 Kg6 49. Ke6 c4 50. f7 1-0

[Event "Ceriano Laghetto op-B 18th"]
[Site "Ceriano Laghetto"]
[Date "2009.03.29"]
[Round "4"]
[White "Bellotto, Stefano"]
[Black "Fornasir, Carlo Gustavo"]
[Result "1/2-1/2"]
[WhiteElo "1992"]
[BlackElo "1886"]
[PlyCount "93"]
[EventDate "2009.03.27"]
[EventType "swiss"]
[EventRounds "5"]
[EventCountry "ITA"]
[SourceTitle "EXT 2011"]
[Source "ChessBase"]
[SourceDate "2010.11.26"]
[SourceVersion "1"]
[SourceVersionDate "2010.11.26"]
[SourceQuality "1"]

1. d4 Nf6 2. c4 e5 3. dxe5 Ng4 4. Nf3 Bc5 5. e3 Nc6 6. Nc3 Ngxe5 7. Be2 d6 8. a3 a5 9. b3 Bf5 10. Bb2 Nxf3+ 11. Bxf3 Ne5 12. Be2 c6 13. h3 h5 14. Qd2 Qg5 15. g3 Qg6 16. 0-0-0 Qe6 17. g4 Bg6 18. Na4 Nd7 19. Qc3 f6 20. Bd3 Be4 21. Bxe4 Qxe4 22. Rhg1 hxg4 23. Rxg4 Qe7 24. Rdg1 Rg8 25. Qc2 Ne5 26. Nxc5 Nxg4 27. Rxg4 0-0-0 28. Qf5+ Kb8 29. Re4 Qf7 30. Na4 d5 31. Rd4 dxc4 32. Rxd8+ Rxd8 33. Qf4+ Qc7 34. Qxc7+ Kxc7 35. bxc4 Rh8 36. Bd4 b5 37. cxb5 cxb5 38. Nc5 Rxh3 39. Ne6+ Kd6 40. Nxg7 Rf3 41. Ne8+ Ke7 42. Nxf6 Rxf2 43. Ne4 Rg2 44. Nc3 Rg5 45. Kc2 Kd7 46. Ne4 Rg2+ 47. Kd3 1/2-1/2

[Event "Milan Crespi op-B 29th"]
[Site "Milan"]
[Date "2008.12.07"]
[Round "4"]
[White "Guzzetti, Luigi Enrico"]
[Black "Fornasir, Carlo Gustavo"]
[Result "0-1"]
[WhiteElo "1862"]
[BlackElo "1919"]
[PlyCount "104"]
[EventDate "2008.12.05"]
[EventType "swiss"]
[EventRounds "7"]
[EventCountry "ITA"]
[SourceTitle "EXT 2010"]
[Source "ChessBase"]
[SourceDate "2010.11.25"]
[SourceVersion "1"]
[SourceVersionDate "2010.11.25"]
[SourceQuality "1"]

1. e4 e5 2. Nf3 Nc6 3. Bb5 f5 4. d4 fxe4 5. Bxc6 dxc6 6. Nxe5 Nf6 7. Bg5 Be6 8. c4 Bb4+ 9. Nc3 0-0 10. 0-0 Bxc3 11. bxc3 Qe8 12. Rb1 b5 13. Qe2 bxc4 14. Rb7 Nd5 15. Qxc4 Ne3 16. Qxc6 Qxc6 17. Nxc6 Nxf1 18. d5 Bc8 19. Rxc7 Ba6 20. Ne7+ Kh8 21. c4 e3 22. Kxf1 Rxf2+ 23. Ke1 Rb8 24. Bxe3 Rc2 25. Kd1 Rxg2 26. Kc1 Rf8 27. Bd2 Rf1+ 28. Kc2 Rff2 29. Rxa7 Rxd2+ 30. Kb3 Rb2+ 31. Ka3 Rxa2+ 32. Kb4 Rgb2+ 33. Kc3 Rc2+ 34. Kd4 Rxc4+ 35. Ke5 h6 36. Kd6 Rca4 37. Rd7 Bb5 38. Rb7 Bc4 39. Ng6+ Kh7 40. Nf8+ Kg8 41. Ne6 Ra7 42. Rb8+ Kf7 43. Nd8+ Kg6 44. Kc5 Bd3 45. Nc6 Rc7 46. d6 Rxc6+ 47. Kxc6 Rc2+ 48. Kd7 Bf5+ 49. Ke7 Re2+ 50. Kf8 Rf2 51. Ke7 Rxh2 52. Rb6 Kg5 0-1

[Event "Vigevano UTE 1st"]
[Site "Vigevano"]
[Date "2007.06.24"]
[Round "7"]
[White "Brugo, Marco"]
[Black "Fornasir, Carlo Gustavo"]
[Result "1-0"]
[WhiteElo "2125"]
[BlackElo "1982"]
[PlyCount "98"]
[EventDate "2007.06.20"]
[EventType "tourn"]
[EventRounds "7"]
[EventCountry "ITA"]
[SourceTitle "EXT 2010"]
[Source "ChessBase"]
[SourceDate "2010.11.25"]
[SourceVersion "1"]
[SourceVersionDate "2010.11.25"]
[SourceQuality "1"]

1. d4 d5 2. c4 dxc4 3. e4 e5 4. Nf3 exd4 5. Bxc4 Bb4+ 6. Nbd2 c5 7. 0-0 Bxd2 8. Bxd2 Ne7 9. Ng5 Qb6 10. Bxf7+ Kf8 11. Bb3 h6 12. Nf7 Rh7 13. Ne5 Be6 14. Qf3+ Kg8 15. Qh5 Na6 16. Ba5 Qd6 17. Nf7 Bxf7 18. Qxf7+ Kh8 19. e5 Qd7 20. f4 b6 21. Be1 Qe8 22. Qc4 b5 23. Qe6 c4 24. Qxa6 cxb3 25. axb3 Nd5 26. Bd2 g5 27. fxg5 Qxe5 28. gxh6 Ne3 29. Qf6+ Qxf6 30. Rxf6 Rc7 31. Bxe3 dxe3 32. Re6 Rc2 33. Rxe3 Rxb2 34. Re7 a5 35. Re3 Kh7 36. Rh3 Rc8 37. Rf1 Rg8 38. Rf7+ Kh8 39. h7 Rgxg2+ 40. Kh1 Rgf2 41. Rxf2 Rxf2 42. Rh5 a4 43. bxa4 bxa4 44. Ra5 Ra2 45. Ra7 Ra1+ 46. Kg2 Ra2+ 47. Kg3 Ra3+ 48. Kg4 Ra1 49. Kg5 a3 1-0